[Event "Ankara Baskent Univ op 8th"]
[Site "Ankara"]
[Date "2025.07.06"]
[Round "9"]
[White "Quparadze, Giga"]
[Black "Guseynov, Alihan"]
[Result "1-0"]
[WhiteElo "2526"]
[BlackElo "2316"]
[PlyCount "127"]
[EventDate "2025.07.01"]
[EventType "swiss"]
[EventRounds "9"]
[EventCountry "TUR"]
[SourceTitle "CB28_2025"]
[SourceDate "2025.07.09"]
[SourceVersion "1"]
[SourceVersionDate "2025.07.09"]
[SourceQuality "1"]

1. e4 c5 2. Nf3 Nc6 3. Bb5 d6 4. 0-0 Bd7 5. Re1 Nf6 6. c3 a6 7. Bc4 Bg4 8. d4 Bxf3 9. gxf3 e6 10. d5 Ne5 11. Be2 g5 12. Na3 Rg8 13. Kh1 Nh5 14. Nc4 Nxc4 15. Bxc4 e5 16. Rg1 Be7 17. a4 Rg6 18. Bf1 Qd7 19. b4 cxb4 20. cxb4 Kf8 21. Be3 Nf4 22. b5 axb5 23. Bxb5 Qh3 24. Rg3 Qh4 25. Bd7 Rh6 26. h3 Nh5 27. Kh2 Nxg3 28. fxg3 Qh5 29. Bg4 Qg6 30. Bf5 Qh5 31. Rb1 Rf6 32. Rxb7 Rxf5 33. exf5 Bf6 34. g4 Qh4 35. Kg2 e4 36. fxe4 Be5 37. Bf2 Qh6 38. Qb3 Qf6 39. Rb8+ Rxb8 40. Qxb8+ Kg7 41. Qb4 h5 42. Kf3 hxg4+ 43. Kxg4 Kh6 44. Be3 Qe7 45. h4 Bf4 46. Qd4 Kh7 47. Bxf4 gxf4 48. a5 f6 49. a6 Qg7+ 50. Kxf4 Qg2 51. Qa7+ Kh8 52. Qe3 Qf1+ 53. Kg3 Qxa6 54. Qh6+ Kg8 55. Qg6+ Kh8 56. Qxf6+ Kh7 57. Qe7+ Kh6 58. Qg5+ Kh7 59. f6 Qd3+ 60. Kf4 Qf1+ 61. Kg4 Qe2+ 62. Kf5 Qf3+ 63. Ke6 Qxe4+ 64. Kf7 1-0

[Event "Ankara Baskent Univ op 8th"]
[Site "Ankara"]
[Date "2025.07.05"]
[Round "7"]
[White "Guseynov, Alihan"]
[Black "Aliyev, Ravan"]
[Result "1-0"]
[WhiteElo "2316"]
[BlackElo "2389"]
[PlyCount "89"]
[EventDate "2025.07.01"]
[EventType "swiss"]
[EventRounds "9"]
[EventCountry "TUR"]
[SourceTitle "CB28_2025"]
[SourceDate "2025.07.09"]
[SourceVersion "1"]
[SourceVersionDate "2025.07.09"]
[SourceQuality "1"]

1. Nf3 d5 2. c4 e6 3. g3 Nf6 4. Bg2 dxc4 5. Qa4+ Bd7 6. Qxc4 c5 7. Ne5 Qc8 8. 0-0 Nc6 9. Nxd7 Qxd7 10. Nc3 Rc8 11. Qa4 Be7 12. d3 0-0 13. Be3 Rfd8 14. Rac1 b6 15. Rfd1 h6 16. h3 Bd6 17. a3 Be7 18. Kf1 Nd5 19. Bd2 a5 20. Qg4 Ne5 21. Qh5 Ng6 22. Qg4 Ne5 23. Qh5 Ng6 24. Nxd5 exd5 25. Bf3 Rc6 26. Qg4 Re6 27. Qh5 Ne5 28. Bg2 Bf8 29. f4 Nc6 30. e3 g6 31. Qf3 Bg7 32. Rc2 Ne7 33. Bc1 Qa4 34. Rf2 Nf5 35. Re1 Qb3 36. Kg1 Bd4 37. Kh2 Qxd3 38. Rd1 Rxe3 39. Rxd3 Rxd3 40. Qxd3 Bxf2 41. g4 Nd4 42. Be3 Bxe3 43. Qxe3 Ne6 44. f5 gxf5 45. gxf5 1-0

[Event "Cesme op-A 11th"]
[Site "Izmir"]
[Date "2025.06.29"]
[Round "9"]
[White "Guseynov, Alihan"]
[Black "Kubicka, Anna"]
[Result "1-0"]
[WhiteElo "2316"]
[BlackElo "2227"]
[PlyCount "95"]
[EventDate "2025.06.23"]
[EventType "swiss"]
[EventRounds "9"]
[EventCountry "TUR"]
[SourceTitle "CB27_2025"]
[SourceDate "2025.07.02"]
[SourceVersion "1"]
[SourceVersionDate "2025.07.02"]
[SourceQuality "1"]

1. d4 Nf6 2. c4 e6 3. Nc3 d5 4. Bg5 Be7 5. e3 0-0 6. Nf3 Nbd7 7. cxd5 exd5 8. Bd3 Re8 9. Qc2 Nf8 10. 0-0 c6 11. Rab1 g6 12. b4 Ne6 13. Bh4 a6 14. Na4 Ng7 15. Nc5 Nf5 16. Bg5 Nh5 17. Bxe7 Qxe7 18. a4 Nd6 19. b5 axb5 20. axb5 b6 21. Na4 Qa7 22. Qxc6 Qxa4 23. Qxd6 Qa3 24. Qxa3 Rxa3 25. Rfd1 Bg4 26. Rbc1 f5 27. h3 Bxf3 28. gxf3 f4 29. e4 dxe4 30. Bxe4 Nf6 31. d5 Rb3 32. d6 Rd8 33. d7 Kg7 34. Rc8 Rxd7 35. Rxd7+ Nxd7 36. Rc7 Rxb5 37. Rxd7+ Kh6 38. Rf7 Rh5 39. Kg2 Kg5 40. Rb7 Kh4 41. Rxb6 Ra5 42. Rf6 Kg5 43. Rf7 h6 44. Rg7 Ra6 45. h4+ Kxh4 46. Rxg6 Ra7 47. Rg4+ Kh5 48. Bg6# 1-0

[Event "Cesme op-A 11th"]
[Site "Izmir"]
[Date "2025.06.27"]
[Round "7"]
[White "Cilek, Bora"]
[Black "Guseynov, Alihan"]
[Result "1-0"]
[WhiteElo "2266"]
[BlackElo "2316"]
[PlyCount "83"]
[EventDate "2025.06.23"]
[EventType "swiss"]
[EventRounds "9"]
[EventCountry "TUR"]
[SourceTitle "CB27_2025"]
[SourceDate "2025.07.02"]
[SourceVersion "1"]
[SourceVersionDate "2025.07.02"]
[SourceQuality "1"]

1. Nf3 Nf6 2. c4 g6 3. g3 Bg7 4. Bg2 0-0 5. 0-0 d6 6. d4 Nbd7 7. Nc3 e5 8. e4 Re8 9. Re1 b6 10. h3 exd4 11. Nxd4 Bb7 12. Bf4 Nc5 13. Qc2 Nfxe4 14. Nxe4 Bxd4 15. Nxc5 Bxg2 16. Nb3 Qf6 17. Kxg2 Bxb2 18. Rab1 Bc3 19. Bd2 Bd4 20. Nxd4 Qxd4 21. Qc3 Qxc3 22. Bxc3 Re6 23. g4 Rae8 24. Kf3 Kf8 25. Kf4 Re2 26. Kg5 R8e6 27. Rxe2 Rxe2 28. Rb2 Re4 29. Bf6 Re6 30. Bd8 c6 31. Kh6 Re4 32. Rd2 Rxc4 33. Bf6 d5 34. Re2 Re4 35. Rxe4 dxe4 36. Kxh7 c5 37. h4 b5 38. h5 gxh5 39. gxh5 b4 40. Bg7+ Ke7 41. Kg8 c4 42. h6 1-0

[Event "Titled Tuesday intern op 20th Aug Late"]
[Site "Chess.com INT"]
[Date "2024.08.20"]
[Round "1"]
[White "Guseynov, Alihan"]
[Black "Adamovics, Aleksejs"]
[Result "1-0"]
[WhiteElo "2316"]
[BlackElo "2112"]
[PlyCount "45"]
[EventDate "2024.08.20"]
[EventType "swiss (blitz)"]
[EventRounds "11"]
[EventCountry "USA"]
[SourceTitle "EXT 2025"]
[Source "ChessBase"]
[SourceDate "2024.10.14"]
[SourceVersion "1"]
[SourceVersionDate "2024.10.14"]
[SourceQuality "1"]

1. e4 c5 2. Nc3 Nc6 3. Bb5 Nd4 4. Bc4 a6 5. a4 e6 6. Nge2 Nc6 7. 0-0 Nf6 8. d4 cxd4 9. Nxd4 Bc5 10. Be3 Qb6 11. a5 Nxa5 12. Be2 Qc7 13. Rxa5 Bxd4 14. Qxd4 Qxa5 15. Qd6 Qd8 16. Bc5 b6 17. Ba3 Bb7 18. Bf3 Rc8 19. e5 Bxf3 20. exf6 Bc6 21. fxg7 Rg8 22. Qf8+ Rxf8 23. gxf8Q# 1-0

[Event "Titled Tuesday intern op 20th Aug Late"]
[Site "Chess.com INT"]
[Date "2024.08.20"]
[Round "8"]
[White "Guseynov, Alihan"]
[Black "Chigaev, Maksim"]
[Result "0-1"]
[WhiteElo "2316"]
[BlackElo "2628"]
[PlyCount "128"]
[EventDate "2024.08.20"]
[EventType "swiss (blitz)"]
[EventRounds "11"]
[EventCountry "USA"]
[SourceTitle "EXT 2025"]
[Source "ChessBase"]
[SourceDate "2024.10.14"]
[SourceVersion "1"]
[SourceVersionDate "2024.10.14"]
[SourceQuality "1"]

1. e4 c5 2. Nc3 d6 3. f4 Nc6 4. Nf3 Nf6 5. Bc4 e6 6. 0-0 d5 7. Bb5 dxe4 8. Ne5 Bd7 9. Nxd7 Qxd7 10. Qe2 a6 11. Bxc6 Qxc6 12. Re1 Be7 13. Nxe4 c4 14. b3 cxb3 15. cxb3 Qxe4 16. Qxe4 Nxe4 17. Rxe4 Bf6 18. d4 0-0-0 19. Bb2 h5 20. Kf2 Rd5 21. Rc1+ Kd7 22. Ke3 Rc8 23. Rxc8 Kxc8 24. Kd3 h4 25. Re2 Kd7 26. Rc2 Be7 27. Bc1 Bd6 28. Be3 Rh5 29. Ke4 Rb5 30. Bf2 Be7 31. Rc3 f5+ 32. Kf3 Bf6 33. Rc4 Ra5 34. a4 Rd5 35. Ke2 b5 36. axb5 Rxb5 37. Rc3 Rb4 38. Kd3 Kd6 39. Be3 Be7 40. Kc2 Rb7 41. Rc5 Rb5 42. Rxb5 axb5 43. Kd3 Kd5 44. Bf2 Bd6 45. Be3 g6 46. Bd2 Bc7 47. h3 Bb6 48. Be3 Ba7 49. Bf2 Bb6 50. Be3 Bd8 51. Bd2 Be7 52. Bc1 Bb4 53. Be3 Be1 54. Bc1 Bf2 55. Bb2 b4 56. Ba1 Bg3 57. Ke3 Bh2 58. Bb2 Bg1+ 59. Kd3 Bf2 60. Bc1 Bxd4 61. Bd2 Bc5 62. Be1 Be7 63. Bd2 e5 64. fxe5 Kxe5 0-1

[Event "Titled Tuesday intern op 20th Aug Late"]
[Site "Chess.com INT"]
[Date "2024.08.20"]
[Round "7"]
[White "Guseynov, Alihan"]
[Black "Haug, Havard"]
[Result "1-0"]
[WhiteElo "2316"]
[BlackElo "2315"]
[PlyCount "49"]
[EventDate "2024.08.20"]
[EventType "swiss (blitz)"]
[EventRounds "11"]
[EventCountry "USA"]
[SourceTitle "EXT 2025"]
[Source "ChessBase"]
[SourceDate "2024.10.14"]
[SourceVersion "1"]
[SourceVersionDate "2024.10.14"]
[SourceQuality "1"]

1. e4 c6 2. d4 d5 3. f3 e6 4. Be3 Nf6 5. Nd2 dxe4 6. fxe4 e5 7. dxe5 Ng4 8. Qf3 Nxe5 9. Qg3 Ng6 10. Ngf3 Be7 11. h4 h5 12. 0-0-0 Bg4 13. Bc4 0-0 14. e5 Qc8 15. Ne4 Be6 16. Bd3 Bd5 17. c4 Bxe4 18. Bxe4 Qg4 19. Qxg4 hxg4 20. h5 gxf3 21. hxg6 f5 22. Bxf3 f4 23. Rh5 Rf5 24. Rxf5 fxe3 25. Rh5 1-0

[Event "Titled Tuesday intern op 20th Aug Early"]
[Site "Chess.com INT"]
[Date "2024.08.20"]
[Round "3"]
[White "Jodar Arias, Marlon"]
[Black "Guseynov, Alihan"]
[Result "0-1"]
[WhiteElo "2189"]
[BlackElo "2316"]
[PlyCount "120"]
[EventDate "2024.08.20"]
[EventType "swiss (blitz)"]
[EventRounds "11"]
[EventCountry "USA"]
[SourceTitle "EXT 2025"]
[Source "ChessBase"]
[SourceDate "2024.10.14"]
[SourceVersion "1"]
[SourceVersionDate "2024.10.14"]
[SourceQuality "1"]

1. e4 d5 2. exd5 Qxd5 3. Nc3 Qa5 4. d4 Nf6 5. Nf3 c6 6. Bd2 Bf5 7. Bc4 e6 8. Qe2 Nbd7 9. 0-0-0 Bb4 10. Ne5 Nxe5 11. dxe5 Nd5 12. Ne4 Bxe4 13. Qxe4 Bxd2+ 14. Rxd2 0-0-0 15. Rhd1 Rd7 16. Bb3 g6 17. c4 Nb6 18. Rxd7 Nxd7 19. f4 Rd8 20. Qd4 h5 21. g3 Nc5 22. Qxd8+ Qxd8 23. Rxd8+ Kxd8 24. Bc2 a5 25. Kd2 b5 26. cxb5 cxb5 27. Ke3 Kc7 28. Kd4 Kc6 29. h3 b4 30. g4 h4 31. b3 Kb5 32. Bd1 a4 33. bxa4+ Nxa4 34. Bb3 Nc5 35. Bc4+ Kc6 36. f5 g5 37. fxe6 fxe6 38. Be2 Na4 39. Bc4 Nc5 40. Be2 b3 41. axb3 Nxb3+ 42. Kc3 Na5 43. Kd4 Kb6 44. Bc4 Nxc4 45. Kxc4 Kc6 46. Kd4 Kb5 47. Kd3 Kc5 48. Ke4 Kc4 49. Ke3 Kd5 50. Kd3 Kxe5 51. Ke3 Kd5 52. Kd3 e5 53. Ke3 e4 54. Ke2 Kd4 55. Kd2 e3+ 56. Ke2 Ke4 57. Ke1 Kf3 58. Kf1 Kg3 59. Ke2 Kxh3 60. Kxe3 Kg3 0-1

[Event "Titled Tuesday intern op 20th Aug Early"]
[Site "Chess.com INT"]
[Date "2024.08.20"]
[Round "9"]
[White "Sameer, Loay"]
[Black "Guseynov, Alihan"]
[Result "0-1"]
[WhiteElo "2218"]
[BlackElo "2316"]
[PlyCount "98"]
[EventDate "2024.08.20"]
[EventType "swiss (blitz)"]
[EventRounds "11"]
[EventCountry "USA"]
[SourceTitle "EXT 2025"]
[Source "ChessBase"]
[SourceDate "2024.10.14"]
[SourceVersion "1"]
[SourceVersionDate "2024.10.14"]
[SourceQuality "1"]

1. Nf3 c5 2. g3 Nc6 3. Bg2 g6 4. 0-0 Bg7 5. d3 Nf6 6. e4 0-0 7. Re1 d6 8. c3 Rb8 9. h3 b5 10. a3 a5 11. Be3 b4 12. axb4 axb4 13. Nbd2 Nd7 14. d4 bxc3 15. bxc3 cxd4 16. cxd4 e5 17. Nc4 exd4 18. Nxd4 Nxd4 19. Bxd4 Ne5 20. Ne3 Rb4 21. Ra4 Rxa4 22. Qxa4 Bxh3 23. Bxe5 Bd7 24. Qd1 dxe5 25. Nd5 Be6 26. Qa4 h5 27. Rd1 Qg5 28. Nc7 Bg4 29. Re1 h4 30. gxh4 Qxh4 31. Qb3 Bh6 32. Qg3 Qh5 33. f3 Bc8 34. Nd5 Kg7 35. Kf2 Be6 36. Rh1 Qg5 37. Qxg5 Bxg5 38. Rd1 Rb8 39. Bf1 Rb2+ 40. Be2 Bh4+ 41. Ke3 Bg5+ 42. Kd3 Rb3+ 43. Kc4 Re3 44. Bf1 Rxf3 45. Kc5 Bf4 46. Kd6 g5 47. Ne7 g4 48. Ra1 g3 49. Ra8 Rxf1 0-1

[Event "TUR-chT"]
[Site "Ankara"]
[Date "2024.07.24"]
[Round "13.34"]
[White "Akbas, Umut Ata"]
[Black "Guseynov, Alihan"]
[Result "1-0"]
[WhiteElo "2447"]
[BlackElo "2298"]
[PlyCount "71"]
[EventDate "2024.07.14"]
[EventType "team-tourn"]
[EventRounds "15"]
[EventCountry "TUR"]
[SourceTitle "EXT 2025"]
[Source "ChessBase"]
[SourceDate "2024.10.14"]
[SourceVersion "1"]
[SourceVersionDate "2024.10.14"]
[SourceQuality "1"]
[WhiteTeam "Turk Hava Yollari"]
[BlackTeam "Hufeder Fenerbahce"]
[WhiteTeamCountry "TUR"]
[BlackTeamCountry "TUR"]

1. d4 Nf6 2. Nf3 e6 3. Bf4 c5 4. e3 d5 5. Nbd2 Nc6 6. c3 Bd6 7. Bg3 0-0 8. Bd3 a5 9. Qe2 Qe7 10. dxc5 Bxc5 11. e4 dxe4 12. Nxe4 Nxe4 13. Qxe4 f5 14. Qe2 h6 15. Nh4 Qf6 16. f4 a4 17. a3 Ra5 18. Nf3 Bd6 19. Bb5 Ne7 20. c4 Ng6 21. 0-0-0 Bxf4+ 22. Bxf4 Nxf4 23. Qd2 Rxb5 24. cxb5 Nd5 25. Qd4 Bd7 26. Qxa4 Rc8+ 27. Kb1 f4 28. Rhe1 Rc5 29. Nd4 e5 30. Qa7 Rc7 31. Qb8+ Kh7 32. Nf3 Bf5+ 33. Ka1 Ne3 34. Qxc7 Nc2+ 35. Ka2 Qe6+ 36. b3 1-0

[Event "TUR-chT"]
[Site "Ankara"]
[Date "2024.07.23"]
[Round "12.16"]
[White "Guseynov, Alihan"]
[Black "Gokerkan, Cem Kaan"]
[Result "1-0"]
[WhiteElo "2298"]
[BlackElo "2512"]
[PlyCount "59"]
[EventDate "2024.07.14"]
[EventType "team-tourn"]
[EventRounds "15"]
[EventCountry "TUR"]
[SourceTitle "EXT 2025"]
[Source "ChessBase"]
[SourceDate "2024.10.14"]
[SourceVersion "1"]
[SourceVersionDate "2024.10.14"]
[SourceQuality "1"]
[WhiteTeam "Hufeder Fenerbahce"]
[BlackTeam "Gokturk"]
[WhiteTeamCountry "TUR"]
[BlackTeamCountry "TUR"]

1. d4 Nf6 2. c4 e6 3. Nc3 Bb4 4. e3 0-0 5. Bd2 Re8 6. Bd3 d5 7. Nf3 Nbd7 8. 0-0 c5 9. cxd5 exd5 10. a3 Ba5 11. dxc5 Nxc5 12. Bb5 Bxc3 13. Bxc3 Re6 14. Nd4 Re4 15. Rc1 Qd6 16. Bb4 b6 17. Qc2 Ng4 18. Nf3 Ne5 19. Nxe5 Qxe5 20. Bxc5 bxc5 21. Qxc5 Be6 22. f4 Qf5 23. Bd3 g6 24. Bxe4 Qxe4 25. Qd4 Qf5 26. h3 Qh5 27. f5 Bxf5 28. Qxd5 Re8 29. Rc7 Rf8 30. e4 1-0

[Event "TUR-chT"]
[Site "Ankara"]
[Date "2024.07.22"]
[Round "11.39"]
[White "Guseynov, Alihan"]
[Black "Aydincelebi, Kagan"]
[Result "1/2-1/2"]
[WhiteElo "2298"]
[BlackElo "2303"]
[PlyCount "96"]
[EventDate "2024.07.14"]
[EventType "team-tourn"]
[EventRounds "15"]
[EventCountry "TUR"]
[SourceTitle "EXT 2025"]
[Source "ChessBase"]
[SourceDate "2024.10.14"]
[SourceVersion "1"]
[SourceVersionDate "2024.10.14"]
[SourceQuality "1"]
[WhiteTeam "Hufeder Fenerbahce"]
[BlackTeam "Karaman Futbol"]
[WhiteTeamCountry "TUR"]
[BlackTeamCountry "TUN"]

1. d4 Nf6 2. c4 e6 3. Nc3 Bb4 4. e3 0-0 5. Nf3 d5 6. Bd2 b6 7. cxd5 exd5 8. Bd3 Ba6 9. Bxa6 Nxa6 10. Qa4 Qc8 11. 0-0 Re8 12. Rac1 Bf8 13. Ne2 c5 14. dxc5 Nxc5 15. Qb5 Qb7 16. Ned4 a6 17. Qe2 Rac8 18. Rc2 Nce4 19. Rfc1 Rxc2 20. Rxc2 Nxd2 21. Qxd2 Rc8 22. Qc1 Rc5 23. Nb3 Rxc2 24. Qxc2 Bd6 25. h3 Qc7 26. Qxc7 Bxc7 27. Kf1 Kf8 28. Ke2 Ke7 29. Ne1 Bd6 30. Nd3 g6 31. f3 h5 32. g4 hxg4 33. hxg4 Nd7 34. Nd4 Bc5 35. Nc2 a5 36. a4 Kd6 37. Kd2 Ne5 38. Nxe5 Kxe5 39. Kd3 g5 40. b3 f6 41. Ne1 f5 42. gxf5 Kxf5 43. Ke2 g4 44. fxg4+ Kxg4 45. Nd3 Kf5 46. Kf3 Bd6 47. Nc1 Bc7 48. Nd3 Bd6 1/2-1/2

[Event "TUR-chT"]
[Site "Ankara"]
[Date "2023.07.14"]
[Round "5.4"]
[White "Guseynov, Alihan"]
[Black "Gurel, Ediz"]
[Result "1/2-1/2"]
[WhiteElo "2261"]
[BlackElo "2500"]
[PlyCount "60"]
[EventDate "2023.07.10"]
[EventType "team-tourn"]
[EventRounds "11"]
[EventCountry "TUR"]
[SourceTitle "EXT 2024"]
[Source "ChessBase"]
[SourceDate "2023.10.10"]
[SourceVersion "1"]
[SourceVersionDate "2023.10.10"]
[SourceQuality "1"]
[WhiteTeam "Hukukcu Fenerbahceliler"]
[BlackTeam "Turk Hava Yollari"]
[WhiteTeamCountry "TUR"]
[BlackTeamCountry "TUR"]

1. d4 Nf6 2. c4 e6 3. Nc3 Bb4 4. Qc2 d5 5. cxd5 Qxd5 6. Nf3 Qf5 7. Qxf5 exf5 8. a3 Be7 9. Bf4 c6 10. e3 Nbd7 11. Bd3 Nb6 12. 0-0 Be6 13. Rac1 0-0 14. Rfd1 g6 15. h3 a5 16. Bc7 Nfd5 17. Nxd5 Nxd5 18. Bg3 Nb6 19. Nd2 Rfc8 20. Nc4 Nxc4 21. Bxc4 Bxc4 22. Rxc4 Rd8 23. a4 f6 24. Kf1 Kf7 25. Ke2 Ke6 26. f3 Bb4 27. Be1 Bxe1 28. Rxe1 Ra6 29. Kd3 Raa8 30. Rec1 Ra6 1/2-1/2

[Event "Cesme op-A 9th"]
[Site "Cesme"]
[Date "2023.06.24"]
[Round "8"]
[White "Guseynov, Alihan"]
[Black "Haznedaroglu, Kivanc"]
[Result "1/2-1/2"]
[WhiteElo "2245"]
[BlackElo "2422"]
[PlyCount "86"]
[EventDate "2023.06.19"]
[EventType "swiss"]
[EventRounds "9"]
[EventCountry "TUR"]
[SourceTitle "CBM 214 Extra"]
[Source "ChessBase"]
[SourceDate "2023.07.31"]
[SourceVersion "1"]
[SourceVersionDate "2023.07.31"]
[SourceQuality "1"]

1. d4 Nf6 2. c4 e6 3. Nc3 Bb4 4. Qc2 0-0 5. e4 d5 6. e5 Ne4 7. Bd3 c5 8. a3 Bxc3+ 9. bxc3 cxd4 10. cxd4 Qa5+ 11. Kf1 f6 12. Bxe4 dxe4 13. exf6 Rxf6 14. Be3 Bd7 15. Ne2 Qa6 16. Kg1 Ba4 17. Qc3 Nd7 18. Ng3 Rc8 19. Rc1 Rg6 20. Nxe4 Bc6 21. Ng3 Bd5 22. h4 Rxc4 23. Qb2 Nb6 24. h5 Rf6 25. h6 g6 26. Rh4 Rxc1+ 27. Bxc1 Qd3 28. Rf4 Rf7 29. Rxf7 Kxf7 30. Bg5 Qd1+ 31. Kh2 Qa4 32. Qc1 Qe8 33. Qf4+ Kg8 34. Ne4 Qd7 35. Qe5 a6 36. Kg1 Nc8 37. Bf4 Na7 38. Qb8+ Nc8 39. Qe5 Na7 40. Qb8+ Nc8 41. g3 b5 42. Be3 Kf7 43. Qe5 Nd6 1/2-1/2

[Event "Cesme op-A 9th"]
[Site "Cesme"]
[Date "2023.06.22"]
[Round "6"]
[White "Mosadeghpour, Masoud"]
[Black "Guseynov, Alihan"]
[Result "1-0"]
[WhiteElo "2479"]
[BlackElo "2245"]
[PlyCount "211"]
[EventDate "2023.06.19"]
[EventType "swiss"]
[EventRounds "9"]
[EventCountry "TUR"]
[SourceTitle "CBM 214 Extra"]
[Source "ChessBase"]
[SourceDate "2023.07.31"]
[SourceVersion "1"]
[SourceVersionDate "2023.07.31"]
[SourceQuality "1"]

1. e4 c5 2. Nf3 Nc6 3. d4 cxd4 4. Nxd4 g6 5. c4 Bg7 6. Be3 Qb6 7. Nb3 Qd8 8. Nd4 Qb6 9. Nb3 Qd8 10. Nc3 Bxc3+ 11. bxc3 Nf6 12. f3 d6 13. Be2 Be6 14. 0-0 0-0 15. Bd4 b6 16. Bxf6 exf6 17. f4 Qe7 18. Qd2 Rac8 19. Rad1 Na5 20. Nxa5 bxa5 21. Qd4 Qc7 22. Qxf6 Bxc4 23. Bxc4 Qxc4 24. Qxd6 Qxe4 25. Qd4 Qc2 26. Rf3 Rfe8 27. Qd7 Rb8 28. f5 Re2 29. Rg3 Rbe8 30. Rf1 Qxa2 31. h3 a4 32. Qc6 Re1 33. Kh2 Rxf1 34. Qxe8+ Kg7 35. Qe5+ f6 36. Qe7+ Qf7 37. Qc5 a3 38. fxg6 hxg6 39. Qxa3 Qc7 40. c4 Rd1 41. Qe3 Qxc4 42. Qxa7+ Qf7 43. Qb8 Qe7 44. Qb3 Qe1 45. Re3 Qg1+ 46. Kg3 Rd7 47. Re8 Kh6 48. Qc4 g5 49. Rh8+ Rh7 50. Rxh7+ Kxh7 51. Qf7+ Kh6 52. Qxf6+ Kh5 53. Qe7 Qb1 54. Qf7+ Kh6 55. Qf6+ Kh5 56. Qd6 Qe1+ 57. Kh2 Qe2 58. Qd5 Qb2 59. Qd3 Qe5+ 60. Qg3 Qd4 61. Qc7 Kg6 62. Qc6+ Kg7 63. Qe6 Kh7 64. Qf7+ Kh6 65. Qf8+ Kg6 66. Qf3 Kh6 67. Qe2 Kg7 68. g3 Qc3 69. Kg2 Kg6 70. Qe6+ Kg7 71. Kf2 Qd3 72. Qg4 Kg6 73. Qf3 Qd2+ 74. Qe2 Qd4+ 75. Kf1 Qa1+ 76. Kg2 Qc3 77. Qe8+ Kg7 78. Qe4 Qb3 79. Kf2 Qc3 80. Qe7+ Kg6 81. Qe8+ Kg7 82. Qe4 Qf6+ 83. Ke2 Qc3 84. Qd3 Qf6 85. Qe4 Qc3 86. Kf2 Qf6+ 87. Ke3 Qc3+ 88. Qd3 Qe5+ 89. Kf3 Qe6 90. Qc3+ Kh6 91. g4 Kg6 92. Qd3+ Kh6 93. Qd4 Qc6+ 94. Ke3 Qe6+ 95. Kd3 Qb3+ 96. Ke4 Qe6+ 97. Qe5 Qg6+ 98. Kd5 Qd3+ 99. Ke6 Qb3+ 100. Ke7 Qb7+ 101. Ke8 Qc6+ 102. Kf7 Qg6+ 103. Kf8 Kh7 104. Ke7 Qh6 105. Qf5+ Kg8 106. Qe6+ 1-0

[Event "Cesme op-A 9th"]
[Site "Cesme"]
[Date "2023.06.19"]
[Round "1"]
[White "Guseynov, Alihan"]
[Black "Shivakumar, Shawnak"]
[Result "1/2-1/2"]
[WhiteElo "2245"]
[BlackElo "2431"]
[PlyCount "97"]
[EventDate "2023.06.19"]
[EventType "swiss"]
[EventRounds "9"]
[EventCountry "TUR"]
[SourceTitle "CBM 214 Extra"]
[Source "ChessBase"]
[SourceDate "2023.07.31"]
[SourceVersion "1"]
[SourceVersionDate "2023.07.31"]
[SourceQuality "1"]

1. d4 d5 2. c4 c6 3. cxd5 cxd5 4. Nc3 e6 5. Nf3 Bd6 6. Bg5 Ne7 7. e3 Nbc6 8. Bd3 Bd7 9. 0-0 0-0 10. e4 f6 11. Bh4 Be8 12. e5 fxe5 13. dxe5 Bb8 14. Bxh7+ Kxh7 15. Ng5+ Kg8 16. Nxe6 Qd7 17. Nxf8 Kxf8 18. f4 Bc7 19. Nb5 Bb6+ 20. Bf2 Bxf2+ 21. Rxf2 Nf5 22. e6 Qd8 23. Qd3 Nce7 24. Nd4 Bg6 25. g4 Nxd4 26. f5 Qb6 27. fxg6+ Kg8 28. Re1 Rc8 29. Kh1 Nxe6 30. Qe2 Rc6 31. Qf3 Nxg6 32. Qf7+ Kh7 33. Rf5 Nef4 34. Rxf4 Nxf4 35. Qxf4 Rf6 36. Qd2 Qc6 37. Rc1 Qe6 38. Re1 Qc6 39. Rc1 Qa6 40. Kg2 d4 41. Qc2+ d3 42. Qc5 d2 43. Qh5+ Rh6 44. Qf5+ Rg6 45. Qh5+ Rh6 46. Qf5+ Rg6 47. Qh5+ Rh6 48. Qf5+ Qg6 49. Rd1 1/2-1/2

[Event "TUR-chT 1st League"]
[Site "Konya"]
[Date "2022.08.28"]
[Round "9.1"]
[White "Tinmaz, Kerem"]
[Black "Guseynov, Alihan"]
[Result "0-1"]
[WhiteElo "2325"]
[BlackElo "2245"]
[PlyCount "72"]
[EventDate "2022.08.22"]
[EventType "team-swiss"]
[EventRounds "9"]
[EventCountry "TUR"]
[SourceTitle "CBM 209 Extra"]
[Source "ChessBase"]
[SourceDate "2022.09.30"]
[SourceVersion "1"]
[SourceVersionDate "2022.09.30"]
[SourceQuality "1"]
[WhiteTeam "Mavisehir Altyapi"]
[BlackTeam "Hukukcu Fenerbahceliler"]
[WhiteTeamCountry "TUR"]
[BlackTeamCountry "TUR"]

1. e4 c5 2. Nc3 Nc6 3. Bb5 Nd4 4. Bc4 a6 5. Nf3 b5 6. Bd5 Rb8 7. Nxd4 cxd4 8. Ne2 Nf6 9. Bb3 Nxe4 10. Nxd4 e6 11. Qe2 Bb7 12. 0-0 Qf6 13. c3 Bd6 14. d3 Nc5 15. f4 0-0 16. Be3 b4 17. Rae1 bxc3 18. bxc3 Rfc8 19. Qd2 Qh4 20. Bc2 Ba8 21. Nf3 Qh5 22. Bd4 Rb2 23. Be5 Bf8 24. d4 Ne4 25. Qc1 Ba3 26. Bxe4 Bxe4 27. Rxe4 Rxg2+ 28. Kxg2 Bxc1 29. Rxc1 Qg6+ 30. Ng5 h6 31. Re3 f6 32. Bd6 hxg5 33. fxg5 Qxg5+ 34. Kf2 Qd5 35. Bg3 Qxa2+ 36. Kg1 Qd2 0-1

[Event "TUR-chT 1st League"]
[Site "Konya"]
[Date "2022.08.25"]
[Round "6.1"]
[White "Mosadeghpour, Masoud"]
[Black "Guseynov, Alihan"]
[Result "1-0"]
[WhiteElo "2474"]
[BlackElo "2245"]
[PlyCount "117"]
[EventDate "2022.08.22"]
[EventType "team-swiss"]
[EventRounds "9"]
[EventCountry "TUR"]
[SourceTitle "CBM 209 Extra"]
[Source "ChessBase"]
[SourceDate "2022.09.30"]
[SourceVersion "1"]
[SourceVersionDate "2022.09.30"]
[SourceQuality "1"]
[WhiteTeam "Beyazkale Dernegi"]
[BlackTeam "Hukukcu Fenerbahceliler"]
[WhiteTeamCountry "TUR"]
[BlackTeamCountry "TUR"]

1. e4 c5 2. Nf3 Nc6 3. d4 cxd4 4. Nxd4 e5 5. Nb5 d6 6. c4 Be6 7. N1c3 a6 8. Na3 g6 9. Nc2 Bg7 10. Be2 Nf6 11. 0-0 0-0 12. Bg5 Rc8 13. Nd5 Bxd5 14. cxd5 Nd4 15. Nxd4 exd4 16. Bd3 Qb6 17. Qb3 Qxb3 18. axb3 Rfe8 19. Bxf6 Bxf6 20. Rfc1 Bg5 21. Rc4 Rxc4 22. bxc4 Bd2 23. Kf1 Bb4 24. Ke2 f5 25. Kf3 fxe4+ 26. Bxe4 Kg7 27. h4 Bc5 28. Bd3 Bb4 29. Be4 Bc5 30. Rd1 h5 31. Rd2 a5 32. Kf4 Bb4 33. Rd1 Rf8+ 34. Kg3 b6 35. f3 Rb8 36. Rxd4 Bc5 37. Rd2 b5 38. cxb5 Rxb5 39. Kh3 Rb3 40. g4 hxg4+ 41. Kxg4 Re3 42. h5 gxh5+ 43. Kf5 Re1 44. Rg2+ Kf7 45. Rh2 Bd4 46. b3 Re3 47. Rxh5 Rxb3 48. Rh6 Rb6 49. Bc2 Bg7 50. Re6 Bf8 51. Rf6+ Kg7 52. Ke6 Rb7 53. Rg6+ Kh8 54. Rg4 Re7+ 55. Kf6 Ra7 56. Rc4 Bg7+ 57. Kg6 Ra8 58. Bf5 Rg8 59. Be6 1-0

[Event "TUR-chT 1st League"]
[Site "Konya"]
[Date "2022.08.23"]
[Round "2.2"]
[White "Guseynov, Alihan"]
[Black "Kanmazalp, Ogulcan"]
[Result "1-0"]
[WhiteElo "2245"]
[BlackElo "2468"]
[PlyCount "37"]
[EventDate "2022.08.22"]
[EventType "team-swiss"]
[EventRounds "9"]
[EventCountry "TUR"]
[SourceTitle "CBM 209 Extra"]
[Source "ChessBase"]
[SourceDate "2022.09.30"]
[SourceVersion "1"]
[SourceVersionDate "2022.09.30"]
[SourceQuality "1"]
[WhiteTeam "Hukukcu Fenerbahceliler"]
[BlackTeam "Yalova Belediye"]
[WhiteTeamCountry "TUR"]
[BlackTeamCountry "TUR"]

1. c4 Nf6 2. Nc3 g6 3. d4 Bg7 4. e4 d6 5. f4 c5 6. d5 0-0 7. Nf3 e6 8. dxe6 fxe6 9. Bd3 Nc6 10. 0-0 b6 11. Kh1 Bb7 12. f5 gxf5 13. exf5 e5 14. Bg5 Qd7 15. Bxf6 Bxf6 16. Be4 Kh8 17. g4 Rg8 18. Rg1 Bg5 19. Qd3 1-0